00381nam a2200157Ia 450000500170000000800410001704000190005804100120007708200130008924500270010226000350012930000110016450400190017565000190019485000100021320240820103203.0131103s9999 xx 000 0 und d aLoreto College aEnglish a824bBRO 2aA book of modern prose aLondonbGeorge G. Harrapc1969 a288p.  aIncludes index aEnglish essays aLCBED